000 02134nam a2200385 i 4500
001 20530472
003 DLC
005 20200320213907.0
008 180606s2018 mnua c b 001 0 eng
010 _a 2018947110
020 _a9781632355409 (library binding)
037 _bLookout Books
040 _aDLC
_cDLC
042 _apcc
082 0 4 _a910.45
_223
092 _a910.45 AXE
100 1 _aAxelrod-Contrada, Joan,
_eauthor.
_95873130
245 1 4 _aThe 12 worst shipwrecks of all time /
_cby Joan Axelrod-Contrada.
264 1 _aMankato, Minnesota :
_b12-Story Library,
_c2018.
300 _a32 pages :
_billustrations (some color) ;
_c24 cm.
336 _atext
337 _aunmediated
338 _avolume
490 1 _aAll-time worst disasters
504 _aIncludes bibliographical references (page 31) and index.
505 0 _aPirate ship Whydah Gally sunk by Atlantic storm -- Giant whale rams, sinks whaleship Essex -- "Unsinkable" Titanic goes down after hitting iceberg -- Union soldiers perish in Sultana shipwreck -- Dona Paz ferry disaster an Asian Titanic -- Hurricane sinks "Ship of Gold" -- Ships carrying war cargo collide in Canadian harbor -- German submarine sinks passenger ship Lusitania -- Soviet submarine torpedoes ship of refugees -- New York picnic outing turns deadly in steamboat fire -- Exxon Valdez disaster covers Alaskan coast in oil -- Refugees and migrants make dangerous crossings -- Staying safe if there is a shipwreck.
520 _aDisasters are fascinating, awe-inspiring, and scary, all at the same time. Lean the facts about many of the worst disasters in human history. Then get some tips on how to prepare for disasters and stay safe.
650 0 _aShipwrecks
_vJuvenile literature.
_95769902
650 0 _aMarine accidents
_vJuvenile literature.
_95985271
830 0 _aAll-time worst disasters.
_95985272
852 _920.70
942 _cBOOK
_02
948 _a10/05/2018
_zSirsi
996 _a155757
_b34301001563206
_cJNF
_dbk
_ewcl
_fi
_g2
_h21.95
_llookout
_m910.45 Axe
_p10/05/2018
_q07/05/2019
_r07/01/2019
999 _c314113
_d314112